Conceptos de administración estratégica /

Gespeichert in:
Bibliographische Detailangaben
1. Verfasser: David, Fred R. (autor)
Weitere Verfasser: Sánchez Carrión, Miguel Angel (traducción) (traducción)
Format: Buch
Sprache:Spanisch
Veröffentlicht: México : Prentice-Hall, 2003, c2003
Schlagworte:
Tags: Tag hinzufügen

MARC

LEADER 00000nam^a2200000^a^4500
001 000158797
005 20250521000000.0
009 20260310100627.375
020 |a 970-26-0427-3 
037 |a Acervo ITESO - Biblioteca 
041 |a ESP 
082 |a 658. 4012  |b DAV 
100 |a David, Fred R.  |e (autor) 
240 1 1 |a [Conceptos de administración estratégica] 
245 1 0 |a Conceptos de administración estratégica /  |c F.R. David ; tr. por M.A. Sánchez Carrión. 
264 4 |a México :  |b Prentice-Hall,  |c 2003, c2003 
300 |a XXX, 336 p. 
336 |a texto  |b txt  |2 rdacontenido 
337 |a sin mediación  |b n  |2 rdamedio 
338 |a volumen  |b nc  |2 rdasoporte 
500 |a Traducción de: Concepts of Strategic Management 
521 |a 2016 BO Licenciatura en Ingeniería en Sistemas Computacionales Acreditación 
521 |a 2016 BO Licenciatura en Ingeniería en Redes y Telecomunicaciones Acreditación 
590 |a Traducción de la 9a edición en inglés 
649 |a XX 
650 |a Empresas -  |x Administración 
650 |a Estrategia en los Negocios 
650 |a Planeación Estratégica -  |x Tema Principal 
650 |a Planeación Administrativa 
650 |a Proceso Administrativo 
650 |a Administración 
650 |a Ciencias Administrativas 
700 |a Sánchez Carrión, Miguel Angel  |e (traducción) 
910 |a Fondo General 
920 |a Impresos - Libros 
930 |a Colección General 
905 |a 101 
901 |a 0500089873  |b IT1  |c ACC  |u 20250521 
901 |a 0500128939  |b IT1  |c ACC  |u 20250521 
901 |a 0500130295  |b IT1  |c ACC  |u 20250521 
901 |a 0500130230  |b IT1  |c ACC  |u 20250521 
902 |a https://opac.biblio.iteso.mx/vufind/Record/000158797